000
00257nam a2200109Ia 4500
008
190216s9999||||xx |||||||||||||| ||und||
100
_a
Walter Ledermans
245
0
_a
Complex Numbers
260
_b
Pragathi Prakashan
650
_a
Mathematics
942
_c
BK
999
_c
30616
_d
30616